30 Random Countries on a World Map - Statistics

General Stats
  • This quiz has been taken 103 times
  • The average score is 25 of 30
Answers on the Map
Answers color-coded by a green-red scale on the quiz's map according to % correct below.
 
Answer Stats
Country % Correct
Afghanistan
100%
Albania
100%
Algeria
100%
Argentina
100%
Bahamas
100%
Belarus
100%
Bolivia
100%
Bosnia and Herzegovina
100%
Cambodia
100%
Canada
100%
Chad
100%
Chile
100%
China
100%
Colombia
100%
Croatia
100%
Cuba
100%
Denmark
100%
DR Congo
100%
Egypt
100%
Estonia
100%
Finland
100%
France
100%
FS Micronesia
100%
Gabon
100%
Germany
100%
Greece
100%
Guatemala
100%
Guyana
100%
Iceland
100%
India
100%
Ireland
100%
Italy
100%
Japan
100%
Kazakhstan
100%
Lithuania
100%
Malaysia
100%
Mali
100%
Mauritania
100%
Mexico
100%
Mongolia
100%
Nepal
100%
Netherlands
100%
Nicaragua
100%
Niger
100%
North Macedonia
100%
Norway
100%
Papua New Guinea
100%
Paraguay
100%
Peru
100%
Philippines
100%
Portugal
100%
Romania
100%
Russia
100%
Samoa
100%
Saudi Arabia
100%
Serbia
100%
Slovakia
100%
Slovenia
100%
Somalia
100%
South Africa
100%
South Sudan
100%
Spain
100%
Sri Lanka
100%
Sweden
100%
Syria
100%
Taiwan
100%
Thailand
100%
Togo
100%
Turkey
100%
Tuvalu
100%
Ukraine
100%
United Kingdom
100%
United States
100%
Uruguay
100%
Venezuela
100%
Yemen
100%
Israel
92%
Poland
91%
Jordan
90%
Madagascar
90%
Suriname
89%
Belgium
88%
El Salvador
88%
Costa Rica
86%
Panama
86%
Sudan
86%
Tanzania
86%
Turkmenistan
86%
Vietnam
86%
Brazil
83%
Hungary
83%
Iraq
83%
Latvia
83%
Malta
83%
Oman
83%
Australia
80%
Azerbaijan
80%
Bangladesh
80%
Comoros
80%
Guinea
80%
Haiti
80%
Ivory Coast
80%
Lesotho
80%
Nigeria
80%
Switzerland
80%
Botswana
78%
Ghana
78%
Seychelles
78%
Austria
75%
Belize
75%
Central African Republic
75%
Ecuador
75%
Indonesia
75%
Iran
75%
Myanmar
75%
Republic of the Congo
75%
Sao Tome and Principe
75%
Senegal
75%
Tunisia
75%
Uzbekistan
75%
Cameroon
71%
Eswatini
71%
Laos
71%
Pakistan
71%
Cape Verde
70%
Armenia
67%
Eritrea
67%
Ethiopia
67%
Georgia
67%
Guinea-Bissau
67%
Kiribati
67%
Kosovo
67%
Kuwait
67%
Kyrgyzstan
67%
Liberia
67%
Libya
67%
Maldives
67%
Mozambique
67%
New Zealand
67%
Tajikistan
67%
United Arab Emirates
67%
Vanuatu
67%
Zimbabwe
67%
Benin
60%
Bulgaria
60%
Czech Republic
60%
Jamaica
60%
Morocco
60%
Namibia
60%
Palau
60%
Uganda
60%
Malawi
57%
Rwanda
57%
Kenya
56%
Burkina Faso
55%
Angola
50%
Burundi
50%
Equatorial Guinea
50%
Honduras
50%
Marshall Islands
50%
Moldova
50%
North Korea
50%
Solomon Islands
50%
South Korea
50%
Zambia
50%
Mauritius
33%
Nauru
33%
Sierra Leone
33%
Tonga
22%
Dominican Republic
20%
Fiji
0%
No matching quizzes found
Score Distribution
Percent of People with Each Score
Percentile by Number Answered
Your Score History
You have not taken this quiz